000 00835nam a2200253Ia 4500
003 OSt
005 20221005085047.0
006 a|||||r|||| 00| 0
007 ta
008 221004b |||||||| |||| 00| 0 eng d
020 _a9780231143882 (hbk)
_c1758.80
024 _a94447
037 _b5314, 25/03/2009, Efficient Book Distributors
_cTextual
040 _aCRL
_cCRL
_beng
041 _2eng
_aeng
082 _aR39(P:14), P8
100 _aZabala Santiago
_9613847
245 0 _aHermeneutic nature of analytic philosophy
_b A study of Ernest Tugendhat
260 _aNew York
_bColumbia University Press U.S.A
_c2008
300 _axvii, 199p.
_ccm.
650 _aPHILOSOPHY
942 _hR39(P:14), P8
_cTEXL
_2cc
999 _c993599
_d993599